00764cam a2200229 a 450000100100000000500170001000800410002704000250006804100130009308200220010610000320012824501090016025000110026926000340028030000350031449000360034953400440038565000220042970000190045170000280047083000360049800000238520200929150206.0830830s1964 sp a b 000 0 spa  aDO-SdBNPbspacBNPHU17aspahfre ann.bG274f, 1964.1 aGaussen, Henri,d1891-1981.10aFlora y fauna de la montaña /cHenri Gaussen y Paul Barruel ; traducción, Enrique Balcells Rocamora. a2a ed. aBarcelona :bJuventud,c1964. a223 p. :bil., maps. ;c30 cm.1 aGrandes libros de la naturaleza aMontagnes: la vie aux hautes altitudes. 0aMountain ecology.1 aBarruel, Paul.1 aBalcells, Enrique,etr. 0aGrandes libros de la naturaleza